| 000 | 00649cab a2200217 4500 | ||
|---|---|---|---|
| 001 | ABS53916 | ||
| 008 | 090401t1995 xxu||||| |||| 00| 0 eng d | ||
| 035 | _a(Sirsi) u7387 | ||
| 041 | _aeng | ||
| 110 |
_aAssociation for the Advancement of Cost Engineering International _9896 |
||
| 245 | _aAACE International`s risk management dictionary | ||
| 260 | _c1995 | ||
| 350 | _a0 | ||
| 490 |
_aCost Engineering _v37(10) October 1995, 20-25(4) |
||
| 520 | _aAn illustrated glossary of 50 risk management terms. | ||
| 650 | _aGLOSSARY | ||
| 650 | _aRISK MANAGEMENT | ||
| 690 | _aCOMMERCIAL PROPERTY-MANAGEMENT | ||
| 942 | _n0 | ||
| 948 | _c04/03/1997 | ||
| 999 |
_c4458 _d4458 |
||